000
00439nam a2200145Ia 4500
008
100122s9999 xx 000 0 und d
082
_b
17262
_a
822
100
_a
खरे सुरेश
245
_a
मला उत्तर हवयं !
260
_b
के.वा.जोशी
_c
1971
300
_a
76
630
_a
मला उत्तर हवयं !
730
_a
मला उत्तर हवयं !
942
_c
BOOK
999
_c
407043
_d
407040